000 00652nas a2200229 4500
001 BR0401473
003 BR-BrBNA
005 20231205104425.0
007 ta
008 230509b bl.|||p| |||| 00| 00por d
040 _aBR-BrBNA
_bpor
_cBiblioteca Nacional de Agricultura
041 _a(Pt)
072 _aE50; E12
100 1 _aNeri, M.
245 1 _aA dinâmica dos empresários nanicos
650 _aSOCIOLOGIA
650 _aDESEMPREGO
650 _aPEQUENA EMPRESA
773 0 _tConjuntura Econômica (Brazil)
_xISSN 0010-5945
_g(Dec-2003), v. 57(12) p. 62-63
_wBR0401473
909 _a202311
_bLúcia
_c55
_dLúcia Elande
942 _2AGRIS
_n0
_cANA
999 _c178069
_d178069